Statistiken für Kaiser des Römisch-Byzantinischen Reiches

Klicken Sie hier um das Quiz zu spielen!

Allgemein

  • Dieses Quiz wurde 69 mal gespielt
  • Das Durchschnittsergebnis liegt bei 29 aus 86

Antwortstatistiken

RegierungszeitName% Korrekt
337–361Constantius II.
80%
324–337Konstantin I.
80%
641Konstantin III.
80%
668/69–685Konstantin IV.
80%
1042–1055Konstantin IX.
80%
741–775Konstantin V.
80%
780–797Konstantin VI.
80%
913–959Konstantin VII.
80%
1025–1028Konstantin VIII.
80%
1059–1067Konstantin X.
80%
1448–1453Konstantin XI.
80%
518–527Justin I.
55%
565–578Justin II.
55%
527–565Justinian I.
45%
685–695, 705–711Justinian II.
45%
912–913Alexander
40%
969–976Johannes I.
40%
1118–1143Johannes II.
40%
1341–1391Johannes V.
40%
1347–1354Johannes VI.
40%
1390, 1399–1402/03Johannes VII.
40%
1425–1448Johannes VIII.
40%
379–395Theodosius I.
40%
408–450Theodosius II.
40%
715–717Theodosius III.
40%
457–474Leo I.
35%
474Leo II.
35%
717–741Leo III.
35%
775–780Leo IV.
35%
695–698Leontios
35%
813–820Leo V.
35%
886–912Leo VI.
35%
450–457Markian
35%
578–582Tiberios I.
35%
698–705Tiberios II.
35%
1081–1118Alexios I.
30%
1180–1183Alexios II.
30%
1195–1203/1204Alexios III.
30%
1203–1204Alexios IV.
30%
1204Alexios V.
30%
361–363Julian
30%
920–944Romanos I.
30%
959–963Romanos II.
30%
1028–1034Romanos III.
30%
1068–1071Romanos IV.
30%
867–886Basil I.
25%
963–1025Basil II.
25%
475–476Basiliskos
25%
610–641Herakleios
25%
363–364Jovian
25%
811–813Michael I.
25%
820–829Michael II.
25%
842–867Michael III.
25%
1034–1041Michael IV.
25%
1041–1042Michael V.
25%
1056–1057Michael VI.
25%
1067–1078Michael VII.
25%
1261–1282Michael VIII.
25%
491–518Anastasios I.
20%
713–715/16Anastasios II.
20%
395–408Arcadius
20%
641–668/69Konstans II.
20%
1143–1180Manuel I.
20%
1391–1425Manuel II.
20%
582–602Maurikios
20%
802–811Nikephoros I.
20%
963–969Nikephoros II.
20%
711–713Philippikos
20%
364–378Valens
20%
1183–1185Andronikos I.
15%
1282–1328Andronikos II.
15%
1328–1341Andronikos III.
15%
1376–1379Andronikos IV.
15%
1057–1059Isaak I.
15%
1185–1195, 1203–1204Isaak II.
15%
1078–1081Nikephoros III.
15%
1055–1056Theodora III.
15%
829–842Theophilos
15%
474–491Zenon
15%
641Heraklonas
10%
790, 797–802Irene
10%
1204Nikolaus
10%
602–610Phokas
10%
811Staurakios
10%
1042Zoe
10%
1353–1354Matthaios
5%

Verteilung der Resultate

Perzentil nach korrekt beantworteten Fragen

Anzahl Personen mit jedem Resultat

Ihre Resultats-Entwicklung

Sie haben dieses Quiz noch nicht gespielt